00483nam a22001697a 4500003000500000005001700005008004100022038001500063082000800078100001800086245007900104260003600183300002900219500001500248650002800263700002200291NUST20230125152206.0190703b ||||| |||| 00| 0 eng d aMr. Zahoor a510 aNaveed, Kinza aHilbert spaces and their role in the Approximation Property cKinza Naveed aIslamabad :bSNS - NUST,c2017. av, 40 p. : ill. ;c30cm. aHardcover. aMathematics - Ms Thesis aDr. Matloob Anwar